| 000 | 02090cam a22005654i 4500 | ||
|---|---|---|---|
| 003 | PE-LiUPU | ||
| 005 | 20250731180155.0 | ||
| 008 | 150616s1996 mx r 000 0 spa d | ||
| 020 | _a9681806727 | ||
| 020 | _a9789681806729 | ||
| 035 | _a(Sirsi) i9789681806729 | ||
| 040 |
_aPE-LiUPU _bspa _cPE-LiUPU _erda |
||
| 049 | _aPRUA | ||
| 082 | 0 | 4 |
_a510.1 _bP44 _221 |
| 100 | 1 |
_aPeterson, John A., _eautor. |
|
| 245 | 1 | 0 |
_aTeoría de la Aritmética / _cJohn A. Peterson y Joseph Hashisaki. |
| 264 | 1 |
_aMéxico : _bLimusa, _c1996. |
|
| 300 |
_a383 páginas ; _c23 centímetros |
||
| 336 |
_atext _2rdacontent |
||
| 337 |
_aunmediated _2rdamedia |
||
| 338 |
_avolume _2rdacarrier |
||
| 504 | _aÍndice: páginas 379-383. | ||
| 505 | 0 | _aTabla de símbolos -- Origen de los numerales y sistemas de numeración -- Conjuntos -- Relaciones y sus propiedades -- El sistema de los números enteros no negativos -- El contar y el calcular en sistemas con bases distintas de diez -- El sistema de los números enteros -- El sistema de números racionales -- El sistema de números reales -- Temas de geometría. | |
| 526 | _aSEG44 | ||
| 526 | _aSEG26 | ||
| 526 | _aP159 | ||
| 526 | _aP155 | ||
| 526 | _aP154 | ||
| 526 | _aP153 | ||
| 526 | _aP150 | ||
| 526 | _aP100 | ||
| 526 | _aP31 | ||
| 526 | _aP30 | ||
| 526 | _aP26 | ||
| 526 | _aP25 | ||
| 526 | _aP24 | ||
| 526 | _aP22 | ||
| 526 | _aP15 | ||
| 526 | _aP10 | ||
| 650 | 0 | 4 | _aAritmética - Teoría. |
| 700 | 1 |
_aHashisaki, Joseph, _eautor. |
|
| 910 |
_ajck _bjvq _cjck |
||
| 910 |
_adbm _bncf _cncf _d20190425 |
||
| 942 |
_2ddc _cBOOK |
||
| 949 |
_a510.1 P44 _wDEWEY _c1 _i41434 _lCCODEBUL1 _mBUL _r0 _sY _tBOOK _u2015-6-16 _xINGENIERIA _zUNKNOWN _0COMPRA _o.STAFF. Colección Ingeniería y Arquitectura |
||
| 994 |
_aC0 _bPEPRU |
||
| 596 | _a1 | ||
| 999 |
_a510.1 P44 _wDEWEY _c59104 _i41434 _f2021-11-5 _g8 _lCCODEBUL1 _mBUL _p12.90 _r0 _sY _tBOOK _u2015-6-16 _xBIBLIOTECA _PP25 _0COMPRA _o.STAFF. Colección Ingeniería y Arquitectura _d59104 |
||
| 980 |
_81 _gALBERTO SANCHEZ Responsable de Automatización |
||